| 000 | 00406pam a2200157 a 4500 | ||
|---|---|---|---|
| 020 |
_a9788173719911 _c |
||
| 041 | _h | ||
| 082 |
_a618.2 _bARU/GOP |
||
| 100 | _aARULKUMARAN S., GOPALAN S. | ||
| 245 |
_aOBSTETRICS & GYNECOLOGY FOR POSTGRADUATES VOL. 2 _hTextual Documents |
||
| 250 | _a3. | ||
| 260 |
_a[s.l]: _bUNIVERSITES PRESS, _c2012. |
||
| 300 |
_a675: _cPB. |
||
| 930 | _a5714 | ||
| 999 |
_c800241 _d800241 |
||
| 650 | _aOBST.GYNE | ||